[Event "Rodovremesterskabet Gruppe B 2006"]
[Site "Rodovre"]
[Date "2006.09.05"]
[Round "1"]
[White "Nielsen, Kurt Sogaard"]
[Black "Krog Jensen, Werner"]
[Result "1-0"]
[WhiteElo "1602"]
[BlackElo "1590"]
[PlyCount "61"]
[EventDate "2006.??.??"]
[SourceDate "2005.11.09"]

1. d4 c5 2. e3 cxd4 3. exd4 d5 4. Nf3 Nc6 5. Be3 Nf6 6. Nc3 Bg4 7. h3 Bxf3 8.
Qxf3 e6 9. a3 Be7 10. Bd3 a6 11. O-O O-O 12. Rad1 Qb6 13. b4 Rac8 14. Na4 Qa7
15. c3 b5 16. Nc5 Bxc5 17. bxc5 Qb7 18. Bg5 Ne8 19. Qh5 g6 20. Qe2 Ng7 21. Bf6
Nh5 22. Bg5 Ng7 23. Bh6 Ne7 24. g4 Qc6 25. Rfe1 Rfe8 26. Qe5 Nef5 27. gxf5 f6
28. Qxf6 Rc7 29. Bxg7 Rxg7 30. Rxe6 gxf5+ 31. Qxg7+ 1-0

[Event "Rodovremesterskabet Gruppe B 2006"]
[Site "Rodovre"]
[Date "2006.09.05"]
[Round "1"]
[White "Enemark, Bjorn"]
[Black "Johansen, Erik"]
[Result "1/2-1/2"]
[WhiteElo "1628"]
[BlackElo "1558"]
[PlyCount "47"]
[EventDate "2006.??.??"]
[SourceDate "2005.11.09"]

1. d4 Nf6 2. c4 e6 3. Nc3 Bb4 4. Bd2 c5 5. a3 cxd4 6. axb4 dxc3 7. Bxc3 O-O 8.
e3 Ne4 9. Bd3 Nxc3 10. bxc3 Nc6 11. Nf3 Qf6 12. Nd4 e5 13. Nxc6 dxc6 14. Qc2 h6
15. O-O Qe7 16. e4 Qg5 17. Qc1 Qxc1 18. Raxc1 f5 19. exf5 Bxf5 20. Bxf5 Rxf5
21. Rfe1 Re8 22. Rcd1 Re7 23. c5 a6 24. f3 1/2-1/2

[Event "Rodovremesterskabet Gruppe B 2006"]
[Site "Rodovre"]
[Date "2006.09.12"]
[Round "2"]
[White "Johansen, Erik"]
[Black "Helleshoj, Knud Erik"]
[Result "0-1"]
[WhiteElo "1558"]
[BlackElo "1531"]
[PlyCount "28"]
[EventDate "2006.??.??"]
[SourceDate "2005.11.09"]

1. e4 c5 2. Nc3 d6 3. g3 g6 4. Bg2 Bg7 5. d3 Nf6 6. f4 e6 7. Nf3 O-O 8. O-O Bd7
9. e5 Ne8 10. exd6 Nxd6 11. Ne5 Qb6 12. Nxd7 Nxd7 13. Kh1 Rac8 14. Rb1 Bxc3 0-1

[Event "Rodovremesterskabet Gruppe B 2006"]
[Site "Rodovre"]
[Date "2006.09.12"]
[Round "2"]
[White "Krog Jensen, Werner"]
[Black "Wisal, Zoran"]
[Result "1/2-1/2"]
[WhiteElo "1590"]
[BlackElo "1520"]
[PlyCount "63"]
[EventDate "2006.??.??"]
[SourceDate "2005.11.09"]

1. f4 e6 2. Nf3 b6 3. e3 Bb7 4. b3 Nf6 5. Bb2 Be7 6. Be2 Na6 7. O-O Nc5 8. d3
d6 9. Nd4 O-O 10. Bf3 d5 11. Be2 Kh8 12. Nf3 Ncd7 13. Ne5 Nxe5 14. Bxe5 Nd7 15.
Bb2 Bf6 16. Bxf6 Nxf6 17. Nd2 Qd6 18. Nf3 Ng4 19. Qd2 f6 20. Nd4 Nh6 21. Qc3 a6
22. Qe1 c5 23. Nf3 Rad8 24. Nd2 f5 25. Bf3 e5 26. fxe5 Qxe5 27. c4 Ng4 28. Bxg4
fxg4 29. cxd5 Rxf1+ 30. Nxf1 Qxd5 31. Qg3 Qxd3 32. Qxg4 1/2-1/2

[Event "Rodovremesterskabet Gruppe B 2006"]
[Site "Rodovre"]
[Date "2006.09.12"]
[Round "2"]
[White "Nielsen, Kurt Sogaard"]
[Black "Rohder, Bjarne"]
[Result "1-0"]
[WhiteElo "1602"]
[BlackElo "1510"]
[PlyCount "123"]
[EventDate "2006.??.??"]
[SourceDate "2005.11.09"]

1. d4 d5 2. c4 Bf5 3. Nc3 e6 4. Bf4 Bd6 5. Bxd6 Qxd6 6. c5 Qe7 7. Nf3 Nc6 8. e3
a6 9. Be2 Nf6 10. O-O O-O 11. Nh4 Rad8 12. f4 Ng4 13. Bxg4 Qxh4 14. Bf3 Rfe8
15. g3 Qe7 16. Rf2 Qd7 17. a3 Ne7 18. b4 c6 19. Rb2 Be4 20. Bxe4 dxe4 21. Nxe4
Nf5 22. Qe2 Qd5 23. Qf3 Nxd4 24. Qg2 f5 25. Rd2 Qxe4 26. Qxe4 fxe4 27. Rxd4
Rxd4 28. exd4 Rd8 29. Rd1 Kf7 30. Kf2 Kf6 31. Ke3 Kf5 32. Rg1 Rd5 33. g4+ Kf6
34. Kxe4 g6 35. h4 h6 36. a4 Kf7 37. b5 g5 38. bxc6 bxc6 39. hxg5 hxg5 40. f5
exf5+ 41. gxf5 Kf6 42. Rh1 g4 43. Rh6+ Kg5 44. Rg6+ Kh4 45. Rxc6 Rd8 46. Rh6+
Kg3 47. Ke3 Kg2 48. Rg6 g3 49. f6 Kh2 50. Rh6+ Kg1 51. f7 g2 52. Ke2 a5 53. Rg6
Rf8 54. Rg7 Kh2 55. Rh7+ Kg1 56. c6 Re8+ 57. Kd3 Rc8 58. d5 Kf1 59. Rg7 g1=Q
60. Rxg1+ Kxg1 61. Kd4 Rf8 62. c7 1-0

[Event "Rodovremesterskabet Gruppe B 2006"]
[Site "Rodovre"]
[Date "2006.10.05"]
[Round "2"]
[White "Kuehlmann, Per"]
[Black "Enemark, Bjorn"]
[Result "1/2-1/2"]
[WhiteElo "1514"]
[BlackElo "1628"]
[PlyCount "68"]
[EventDate "2006.??.??"]
[SourceDate "2005.11.09"]

1. f4 e5 2. fxe5 d6 3. Nf3 Nc6 4. e4 dxe5 5. Bb5 Bd7 6. O-O Bc5+ 7. Kh1 f6 8.
c3 a6 9. Bxc6 Bxc6 10. Nxe5 Bxe4 11. Qh5+ g6 12. Nxg6 hxg6 13. Qxh8 Bxg2+ 14.
Kxg2 Qd5+ 15. Rf3 O-O-O 16. Qh3+ Kb8 17. d4 Bd6 18. Qg4 Ne7 19. Bf4 Nf5 20. Kg1
Rh8 21. Bxd6 Qxd6 22. Qf4 Qe6 23. Nd2 Rh4 24. Re3 Qxe3+ 25. Qxe3 Nxe3 26. Re1
Nd5 27. Nf3 Rh3 28. Rf1 g5 29. Rf2 Ne3 30. Kh1 Nd1 31. Rd2 Ne3 32. Ng1 Rh6 33.
Re2 Nf5 34. Kg2 Kc8 1/2-1/2

[Event "Rodovremesterskabet Gruppe B 2006"]
[Site "Rodovre"]
[Date "2006.09.19"]
[Round "3"]
[White "Helleshoj, Knud Erik"]
[Black "Kuehlmann, Per"]
[Result "1-0"]
[WhiteElo "1531"]
[BlackElo "1514"]
[PlyCount "51"]
[EventDate "2006.??.??"]
[SourceDate "2005.11.09"]

1. e4 e5 2. Nf3 d6 3. d4 exd4 4. c3 d3 5. Bxd3 Be7 6. Nbd2 Bg4 7. Qb3 Qc8 8. e5
Nc6 9. Bb5 Bd7 10. exd6 Bxd6 11. Ng5 Ne5 12. Bxd7+ Qxd7 13. Qxb7 Qd8 14. Nde4
Be7 15. Qb5+ Nd7 16. O-O Ngf6 17. Nxf6+ gxf6 18. Ne4 O-O 19. Bh6 Re8 20. Rad1
Bd6 21. Nxd6 cxd6 22. Rxd6 Re7 23. Qf5 Kh8 24. Rxf6 Qg8 25. Rd6 Ne5 26. Qf6+
1-0

[Event "Rodovremesterskabet Gruppe B 2006"]
[Site "Rodovre"]
[Date "2006.09.19"]
[Round "3"]
[White "Rohder, Bjarne"]
[Black "Krog Jensen, Werner"]
[Result "0-1"]
[WhiteElo "1510"]
[BlackElo "1590"]
[PlyCount "82"]
[EventDate "2006.??.??"]
[SourceDate "2005.11.09"]

1. e4 d6 2. Nc3 Nf6 3. d4 Nbd7 4. Nf3 e5 5. dxe5 Nxe5 6. Nxe5 dxe5 7. Qxd8+
Kxd8 8. Bg5 c6 9. O-O-O+ Kc7 10. h3 Be6 11. f4 Bd6 12. f5 Bd7 13. Bc4 Rhf8 14.
Bxf6 gxf6 15. Ne2 Rg8 16. g4 Rg7 17. Rd3 Rd8 18. Ng3 b5 19. Rhd1 Be7 20. Bb3 c5
21. Bd5 c4 22. R3d2 Be8 23. a3 Rg8 24. Ne2 Bc5 25. Nc3 Be3 26. Bxc4 Bxd2+ 27.
Rxd2 Rxd2 28. Kxd2 bxc4 29. Nd5+ Kb7 30. Nxf6 Rh8 31. Kc3 Bb5 32. Kb4 Ba6 33.
Kc5 Rc8+ 34. Kb4 Rc6 35. g5 Rxf6 36. gxf6 Kc6 37. Kc3 Kc5 38. h4 h5 39. b4+
cxb3 40. cxb3 Bb7 41. Kd3 a5 0-1

[Event "Rodovremesterskabet Gruppe B 2006"]
[Site "Rodovre"]
[Date "2006.09.19"]
[Round "3"]
[White "Wisal, Zoran"]
[Black "Johansen, Erik"]
[Result "0-1"]
[WhiteElo "1520"]
[BlackElo "1558"]
[PlyCount "70"]
[EventDate "2006.??.??"]
[SourceDate "2005.11.09"]

1. Nf3 d5 2. d4 g6 3. b3 Bg7 4. Bb2 Nf6 5. Nbd2 O-O 6. e3 Nbd7 7. Bd3 c6 8. O-O
Ng4 9. c4 e5 10. Nxe5 Ngxe5 11. dxe5 Nxe5 12. Bxe5 Bxe5 13. Rb1 Qc7 14. f4 Bg7
15. cxd5 cxd5 16. Qf3 Qa5 17. Rfd1 f5 18. a4 Be6 19. Nf1 Rac8 20. h3 Qc7 21. g4
fxg4 22. hxg4 Qd6 23. Ng3 Qd7 24. f5 Qd6 25. Kg2 Be5 26. Kh3 Qe7 27. Qg2 Qg5
28. fxe6 Qh6+ 29. Nh5 gxh5 30. gxh5+ Kh8 31. Qg4 Qxe3+ 32. Kg2 Rg8 33. Bg6 Rc2+
34. Bxc2 Rxg4+ 35. Kf1 Rg1# 0-1

[Event "Rodovremesterskabet Gruppe B 2006"]
[Site "Rodovre"]
[Date "2006.09.19"]
[Round "3"]
[White "Enemark, Bjorn"]
[Black "Nielsen, Kurt Sogaard"]
[Result "1/2-1/2"]
[WhiteElo "1628"]
[BlackElo "1602"]
[PlyCount "81"]
[EventDate "2006.??.??"]
[SourceDate "2005.11.09"]

1. d4 Nf6 2. c4 d6 3. Nc3 g6 4. e4 Bg7 5. f4 e5 6. fxe5 dxe5 7. d5 O-O 8. Nf3
Qe7 9. Be2 Rd8 10. O-O c6 11. Qe1 cxd5 12. cxd5 Nbd7 13. Bg5 h6 14. Bxf6 Bxf6
15. b3 a6 16. Kh1 b5 17. Rc1 Bb7 18. Bd3 Rac8 19. Bb1 Rc7 20. Qd2 Kg7 21. Ne2
Rxc1 22. Rxc1 Qd6 23. Ng3 Nc5 24. Qe3 Rc8 25. b4 Na4 26. Rxc8 Bxc8 27. a3 Nb6
28. Qc3 Bd7 29. Nd2 h5 30. Nb3 Na4 31. Qc2 h4 32. Ne2 Be7 33. Nc3 Qf6 34. Kg1
Qf4 35. Qd3 Nb2 36. Qf3 Qxf3 37. gxf3 Nc4 38. Nc5 Bc8 39. a4 bxa4 40. N3xa4 Bd8
41. Bd3 1/2-1/2

[Event "Rodovremesterskabet Gruppe B 2006"]
[Site "Rodovre"]
[Date "2006.09.26"]
[Round "4"]
[White "Krog Jensen, Werner"]
[Black "Johansen, Erik"]
[Result "1/2-1/2"]
[WhiteElo "1590"]
[BlackElo "1558"]
[PlyCount "97"]
[EventDate "2006.??.??"]
[SourceDate "2005.11.09"]

1. f4 Nf6 2. b3 d5 3. Nf3 c5 4. e3 Nc6 5. Bb5 Bd7 6. Bxc6 Bxc6 7. O-O e6 8. Bb2
Be7 9. Ne5 d4 10. Nxc6 bxc6 11. Qf3 Rc8 12. Na3 O-O 13. Nc4 Ne8 14. e4 f5 15.
e5 Kh8 16. d3 g5 17. fxg5 Bxg5 18. Bc1 Bxc1 19. Raxc1 Rg8 20. Rce1 Qd7 21. Rf2
Nc7 22. Nd6 Rcf8 23. Nb7 Nd5 24. Nxc5 Qe7 25. Na4 Rg4 26. Re4 Rfg8 27. Rxg4
Rxg4 28. Nb2 Qg5 29. Qd1 Rf4 30. Qd2 Ne3 31. Rxf4 Qxf4 32. Qc1 Qxe5 33. Nc4
Nxc4 34. bxc4 f4 35. h3 c5 36. Qf1 Qe3+ 37. Kh2 e5 38. Qf3 Qxf3 39. gxf3 Kg7
40. h4 h5 41. Kg2 Kf7 42. Kf2 Ke7 43. Ke2 Kd7 44. Kd2 Kc7 45. c3 Kb6 46. Kc2
Ka5 47. cxd4 exd4 48. Kb3 Kb6 49. Kb2 1/2-1/2

[Event "Rodovremesterskabet Gruppe B 2006"]
[Site "Rodovre"]
[Date "2006.09.26"]
[Round "4"]
[White "Kuehlmann, Per"]
[Black "Wisal, Zoran"]
[Result "1-0"]
[WhiteElo "1514"]
[BlackElo "1520"]
[PlyCount "73"]
[EventDate "2006.??.??"]
[SourceDate "2005.11.09"]

1. f4 e6 2. Nf3 Nc6 3. d4 Nf6 4. e3 a6 5. Bd3 h6 6. e4 b6 7. e5 Nd5 8. a3 Nde7
9. O-O Bb7 10. b4 Nf5 11. c3 g6 12. Be4 d5 13. exd6 Qxd6 14. Ne5 Bg7 15. Ra2
O-O 16. Qf3 Nfe7 17. Nd2 b5 18. Nb3 Rfd8 19. Rd2 Nd5 20. Bb2 Nxe5 21. fxe5 Qe7
22. Rdf2 Rf8 23. Nc5 Bc6 24. Nd3 a5 25. bxa5 Rxa5 26. Nb4 Bb7 27. Nxd5 exd5 28.
Bxd5 c6 29. Bxf7+ Kh7 30. Qg3 g5 31. Qd3+ Kh8 32. Bc1 Ra7 33. Ba2 Rxf2 34. Rxf2
Qd8 35. Rf7 c5 36. Qg6 Qg8 37. Rxb7 1-0

[Event "Rodovremesterskabet Gruppe B 2006"]
[Site "Rodovre"]
[Date "2006.09.26"]
[Round "4"]
[White "Nielsen, Kurt Sogaard"]
[Black "Helleshoj, Knud Erik"]
[Result "1-0"]
[WhiteElo "1602"]
[BlackElo "1531"]
[PlyCount "125"]
[EventDate "2006.??.??"]
[SourceDate "2005.11.09"]

1. d4 d5 2. c4 c6 3. e3 Nf6 4. Nc3 g6 5. Nf3 Bg7 6. Be2 Bg4 7. cxd5 cxd5 8. b3
O-O 9. Ba3 Re8 10. Rc1 Qa5 11. Bb2 Nc6 12. O-O Rac8 13. h3 Bxf3 14. Bxf3 e6 15.
Na4 Nb4 16. Bc3 b5 17. Nc5 Qa3 18. Qd2 Nc6 19. Rb1 b4 20. Bb2 Qa5 21. Ra1 Qb6
22. a3 bxa3 23. Rxa3 Bf8 24. Ra6 Qb8 25. Rc1 Nb4 26. Ra5 Nc6 27. Ra4 Bxc5 28.
dxc5 Nd7 29. Qc3 Nce5 30. b4 Nxf3+ 31. gxf3 e5 32. Qd2 Qb7 33. Rca1 Rb8 34. Qc3
Rec8 35. R1a2 f6 36. Rxa7 Qc6 37. R7a6 Qb5 38. Ra7 Nb6 39. R7a5 Qd7 40. Kg2 Nc4
41. Ra7 Rc7 42. Rxc7 Qxc7 43. Bc1 Qb7 44. e4 Qxb4 45. Qxb4 Rxb4 46. exd5 Rb5
47. d6 Na5 48. Be3 Kf7 49. Rd2 Ke8 50. Rc2 Nc6 51. Ra2 Kd7 52. Ra8 f5 53. f4
exf4 54. Bxf4 Rb8 55. Rxb8 Nxb8 56. Kg3 Ke6 57. Kh4 Kf6 58. Bg5+ Ke6 59. Be3
Kf6 60. d7 Ke7 61. Kg5 Nxd7 62. c6 Nf8 63. Bc5+ 1-0

[Event "Rodovremesterskabet Gruppe B 2006"]
[Site "Rodovre"]
[Date "2006.09.26"]
[Round "4"]
[White "Rohder, Bjarne"]
[Black "Enemark, Bjorn"]
[Result "0-1"]
[WhiteElo "1510"]
[BlackElo "1628"]
[PlyCount "56"]
[EventDate "2006.??.??"]
[SourceDate "2005.11.09"]

1. f4 e5 2. fxe5 d6 3. Nf3 dxe5 4. e4 Bc5 5. Bc4 Nc6 6. c3 Nf6 7. d3 Bg4 8. b4
Bb6 9. Ba3 O-O 10. b5 Ne7 11. Qb3 Bxf3 12. gxf3 c6 13. Nd2 Be3 14. Ke2 Bh6 15.
Rhg1 cxb5 16. Qxb5 b6 17. Qxe5 Ng6 18. Rxg6 hxg6 19. Bxf8 Qxf8 20. Rg1 Re8 21.
Qg3 Nh5 22. Qe1 Qd6 23. Kd1 Kf8 24. Kc2 Qxh2 25. d4 Rc8 26. Be2 Nf4 27. Nf1
Qxe2+ 28. Qxe2 Nxe2 0-1

[Event "Rodovremesterskabet Gruppe B 2006"]
[Site "Rodovre"]
[Date "2006.10.03"]
[Round "5"]
[White "Enemark, Bjorn"]
[Black "Krog Jensen, Werner"]
[Result "1/2-1/2"]
[WhiteElo "1628"]
[BlackElo "1590"]
[PlyCount "39"]
[EventDate "2006.??.??"]
[SourceDate "2005.11.09"]

1. e4 d6 2. d4 Nf6 3. Nc3 Nbd7 4. Nf3 e5 5. Bc4 h6 6. O-O exd4 7. Qxd4 Be7 8.
e5 Nxe5 9. Nxe5 dxe5 10. Qxe5 O-O 11. Rd1 Bd6 12. Qe2 Re8 13. Be3 Qe7 14. Re1
Ng4 15. h3 Nxe3 16. Qxe3 Qxe3 17. Rxe3 Rxe3 18. fxe3 c6 19. Rf1 Be6 20. Bxe6
1/2-1/2

[Event "Rodovremesterskabet Gruppe B 2006"]
[Site "Rodovre"]
[Date "2006.10.03"]
[Round "5"]
[White "Helleshoj, Knud Erik"]
[Black "Rohder, Bjarne"]
[Result "1-0"]
[WhiteElo "1531"]
[BlackElo "1510"]
[PlyCount "117"]
[EventDate "2006.??.??"]
[SourceDate "2005.11.09"]

1. e4 e5 2. Nf3 Nc6 3. d4 exd4 4. c3 d5 5. Bb5 Bg4 6. h3 Bxf3 7. Qxf3 a6 8.
exd5 axb5 9. dxc6 b6 10. Qe4+ Qe7 11. Qxe7+ Nxe7 12. Bf4 Nd5 13. Be5 dxc3 14.
Nxc3 Bb4 15. O-O Bxc3 16. bxc3 O-O 17. Rfd1 f6 18. Rxd5 fxe5 19. Rxe5 Ra5 20.
Re7 Rc8 21. Rd1 Ra3 22. Rdd7 Rxc3 23. Rxg7+ Kf8 24. Rxh7 Kg8 25. Rxc7 Rxc6 26.
Rcg7+ Kf8 27. Rb7 Kg8 28. Rh5 Ra8 29. Rxb5 Rxa2 30. R5xb6 Rc1+ 31. Kh2 Rxf2 32.
Rb8+ Kg7 33. R6b7+ Kh6 34. Rh8+ Kg6 35. Rg8+ Kh6 36. Rbg7 Rd2 37. Rg3 Kh7 38.
R8g4 Rc6 39. Rh4+ Rh6 40. Rxh6+ Kxh6 41. Rg4 Kh5 42. Rf4 Kg5 43. Rf3 Rc2 44.
Kg3 Rc4 45. Re3 Kf5 46. h4 Kg6 47. Kh3 Kf6 48. g4 Kf7 49. h5 Kf6 50. Kh4 Rc2
51. g5+ Kf7 52. Rf3+ Kg8 53. h6 Kh7 54. Kh5 Rh2+ 55. Kg4 Ra2 56. Rf7+ Kg6 57.
Rf6+ Kh7 58. Rf7+ Kg6 59. Rg7# 1-0

[Event "Rodovremesterskabet Gruppe B 2006"]
[Site "Rodovre"]
[Date "2006.10.03"]
[Round "5"]
[White "Johansen, Erik"]
[Black "Kuehlmann, Per"]
[Result "1/2-1/2"]
[WhiteElo "1558"]
[BlackElo "1514"]
[PlyCount "80"]
[EventDate "2006.??.??"]
[SourceDate "2005.11.09"]

1. e4 e5 2. Nf3 d6 3. d4 exd4 4. Nxd4 Be7 5. Nc3 Nf6 6. Be2 a6 7. O-O b5 8. a3
Bb7 9. Nf5 O-O 10. f3 Bc8 11. g4 Nc6 12. Kh1 Ne5 13. Rg1 Kh8 14. Nxe7 Qxe7 15.
g5 Ne8 16. f4 Nc4 17. Nd5 Qe6 18. Bf3 Rb8 19. c3 c6 20. f5 Qd7 21. Nf4 Bb7 22.
Rg3 Ne5 23. Bg2 d5 24. exd5 cxd5 25. Qd4 Qxf5 26. Bd2 Ng6 27. Nh5 Qe5 28. Be3
Nd6 29. Qxe5 Nxe5 30. Bd4 Rbe8 31. Re1 Ne4 32. Rge3 Re6 33. Nf4 Re7 34. Bxe4
dxe4 35. Bc5 Rfe8 36. Bxe7 Rxe7 37. Kg1 Nf3+ 38. Kf2 Nxe1 39. Kxe1 f5 40. h4 g6
1/2-1/2

[Event "Rodovremesterskabet Gruppe B 2006"]
[Site "Rodovre"]
[Date "2006.10.03"]
[Round "5"]
[White "Wisal, Zoran"]
[Black "Nielsen, Kurt Sogaard"]
[Result "0-1"]
[WhiteElo "1520"]
[BlackElo "1602"]
[PlyCount "124"]
[EventDate "2006.??.??"]
[SourceDate "2005.11.09"]

1. e4 c5 2. Nf3 Nc6 3. c3 d6 4. Be2 Nf6 5. Qc2 a6 6. O-O Bg4 7. a3 e6 8. Re1
Bxf3 9. Bxf3 Ne5 10. Be2 Be7 11. d4 cxd4 12. cxd4 Nc6 13. Be3 O-O 14. Nc3 Rc8
15. d5 exd5 16. Nxd5 Nxd5 17. exd5 Nd4 18. Qd3 Nxe2+ 19. Qxe2 Bf6 20. Rab1 Re8
21. Qd3 h6 22. g3 Re7 23. Re2 Qd7 24. Rd2 Qg4 25. Kg2 Qe4+ 26. Qxe4 Rxe4 27.
Kf3 Rec4 28. h4 Be5 29. Rd3 f5 30. b3 Rc3 31. Rbd1 Kf7 32. a4 Kg6 33. R1d2 Kh5
34. Rd1 g5 35. hxg5 hxg5 36. a5 g4+ 37. Kg2 Kg6 38. Bb6 Rc2 39. Kg1 Rb2 40. Re1
Kf6 41. Red1 Re2 42. Kf1 Rcc2 43. Kg2 f4 44. gxf4 Bxf4 45. Kf1 Kf5 46. Kg1 Re4
47. Kf1 Re8 48. Kg1 Rh8 49. Ba7 Bh2+ 50. Kg2 Bf4 51. Kg1 Rh2 52. Bb6 Rc8 53.
Kf1 Rch8 54. Ba7 Rh1+ 55. Ke2 Re8+ 56. Be3 Rh2 57. Kf1 Bxe3 58. fxe3 Rh1+ 59.
Kf2 Rxd1 60. Rxd1 Re4 61. Rd3 Rb4 62. Kg3 Ke4 0-1

[Event "Rodovremesterskabet Gruppe B 2006"]
[Site "Rodovre"]
[Date "2006.10.10"]
[Round "6"]
[White "Krog Jensen, Werner"]
[Black "Kuehlmann, Per"]
[Result "1/2-1/2"]
[WhiteElo "1590"]
[BlackElo "1514"]
[PlyCount "56"]
[EventDate "2006.??.??"]
[SourceDate "2005.11.09"]

1. f4 d5 2. Nf3 Bg4 3. e3 c5 4. b3 e6 5. Bb2 Nf6 6. Bb5+ Nbd7 7. O-O Bxf3 8.
Qxf3 a6 9. Bxd7+ Nxd7 10. d3 b5 11. Nd2 Nf6 12. Qe2 Be7 13. Nf3 O-O 14. Ne5 Nd7
15. Nc6 Qe8 16. Nxe7+ Qxe7 17. Qg4 f5 18. Qe2 Rf7 19. Rf3 e5 20. Raf1 e4 21.
Rh3 Nf6 22. Qd2 Ng4 23. dxe4 Qxe4 24. Rg3 Re8 25. Re1 d4 26. h3 dxe3 27. Qe2
Qxf4 28. Qf3 Qxf3 1/2-1/2

[Event "Rodovremesterskabet Gruppe B 2006"]
[Site "Rodovre"]
[Date "2006.10.10"]
[Round "6"]
[White "Rohder, Bjarne"]
[Black "Wisal, Zoran"]
[Result "1/2-1/2"]
[WhiteElo "1510"]
[BlackElo "1520"]
[PlyCount "42"]
[EventDate "2006.??.??"]
[SourceDate "2005.11.09"]

1. e4 e5 2. Bc4 Nf6 3. d3 d5 4. exd5 Nxd5 5. c3 Nf6 6. Qb3 Qe7 7. Bg5 Nbd7 8.
Bxf6 Qxf6 9. Nf3 Bc5 10. Nbd2 O-O 11. Ne4 Qf4 12. O-O Be7 13. Rae1 Nb6 14. Bd5
Nxd5 15. Qxd5 Bf6 16. Nxf6+ gxf6 17. Re4 Qf5 18. h3 c6 19. Qd6 h5 20. Rfe1 Be6
21. R1e3 Rad8 1/2-1/2

[Event "Rodovremesterskabet Gruppe B 2006"]
[Site "Rodovre"]
[Date "2006.10.10"]
[Round "6"]
[White "Nielsen, Kurt Sogaard"]
[Black "Johansen, Erik"]
[Result "1/2-1/2"]
[WhiteElo "1602"]
[BlackElo "1558"]
[PlyCount "67"]
[EventDate "2006.??.??"]
[SourceDate "2005.11.09"]

1. d4 Nf6 2. c4 e6 3. Nc3 Bb4 4. Bd2 O-O 5. Nf3 b6 6. a3 Bxc3 7. Bxc3 Bb7 8. e3
Ne4 9. Bb4 Re8 10. Be2 d5 11. O-O dxc4 12. Bxc4 a5 13. Bc3 Nd7 14. Bd3 Ndf6 15.
Ne5 Nxc3 16. bxc3 Ne4 17. Qc2 f5 18. f3 Nd6 19. Qb3 Qg5 20. Rae1 Rad8 21. Rf2
f4 22. e4 h5 23. h3 h4 24. c4 Nf7 25. Nxf7 Kxf7 26. c5 Rxd4 27. cxb6 cxb6 28.
Qxb6 Rxd3 29. Qxb7+ Re7 30. Qb2 Qc5 31. a4 Red7 32. Kh1 Qb4 33. Qc1 g5 34. Ra2
1/2-1/2

[Event "Rodovremesterskabet Gruppe B 2006"]
[Site "Rodovre"]
[Date "2006.10.10"]
[Round "6"]
[White "Enemark, Bjorn"]
[Black "Helleshoj, Knud Erik"]
[Result "1/2-1/2"]
[WhiteElo "1628"]
[BlackElo "1531"]
[PlyCount "140"]
[EventDate "2006.??.??"]
[SourceDate "2005.11.09"]

1. d4 d5 2. c4 c6 3. Nc3 g6 4. Bf4 Bg7 5. e3 Nf6 6. cxd5 Nxd5 7. Nxd5 Qxd5 8.
Ne2 Bg4 9. h3 Bxe2 10. Bxe2 Qa5+ 11. Qd2 Qxd2+ 12. Kxd2 O-O 13. Rhc1 Nd7 14.
Rab1 Rac8 15. Bg4 e6 16. Bf3 Rfd8 17. Ke2 e5 18. dxe5 Bxe5 19. Bxe5 Nxe5 20.
Be4 f5 21. Bc2 Rd6 22. Rd1 Rcd8 23. Rxd6 Rxd6 24. Rd1 Rxd1 25. Bxd1 Kf7 26.
Bb3+ Ke7 27. f4 Nd7 28. g4 fxg4 29. hxg4 h6 30. Bc2 Kf6 31. e4 g5 32. e5+ Ke7
33. Kf3 gxf4 34. Kxf4 Nc5 35. Bf5 Na4 36. Bc8 Nxb2 37. Bxb7 Nd3+ 38. Kf5 c5 39.
Bd5 Nb2 40. Kg6 Nd3 41. Kxh6 Nxe5 42. g5 c4 43. g6 Ng4+ 44. Kg5 c3 45. Bb3 Nf6
46. Kh6 Kf8 47. g7+ Ke7 48. Kg6 Ng8 49. Kf5 Nh6+ 50. Ke4 c2 51. Bxc2 Kf7 52.
Kd5 Kxg7 53. Kc6 Nf7 54. Kb7 a5 55. Kb6 Nd6 56. Kxa5 Kf6 57. Kb6 Ke7 58. Kc6
Nc4 59. Bb3 Ne5+ 60. Kc7 Nd3 61. Bg8 Nc5 62. Bc4 Na4 63. a3 Nb2 64. Bb3 Ke8 65.
Kc6 Kd8 66. Kc5 Nd3+ 67. Kd4 Nf4 68. a4 Kc7 69. a5 Kb7 70. Ba4 Ne6+ 1/2-1/2

[Event "Rodovremesterskabet Gruppe B 2006"]
[Site "Rodovre"]
[Date "2006.10.24"]
[Round "7"]
[White "Kuehlmann, Per"]
[Black "Nielsen, Kurt Sogaard"]
[Result "1/2-1/2"]
[WhiteElo "1514"]
[BlackElo "1602"]
[PlyCount "71"]
[EventDate "2006.??.??"]
[SourceDate "2005.11.09"]

1. f4 d5 2. d4 Nf6 3. e3 e6 4. Nf3 c5 5. c3 Nbd7 6. Bb5 a6 7. Bxd7+ Bxd7 8. O-O
Rc8 9. Ne5 Bb5 10. Re1 Be7 11. a4 Bc6 12. Nd2 cxd4 13. exd4 O-O 14. Ndf3 Ne4
15. Be3 Be8 16. Qb3 Rc7 17. Rf1 f6 18. Nd3 Qc8 19. Rac1 Rc4 20. Ra1 Rc7 21. Nd2
Bg6 22. Nf2 Nxc3 23. Rae1 Ne4 24. Nfxe4 Bxe4 25. Nxe4 dxe4 26. f5 Rc6 27. Rf4
Kh8 28. Rxe4 e5 29. dxe5 Qxf5 30. Rf4 Qxe5 31. Qxb7 Qc7 32. Qxc7 Rxc7 33. Bb6
Bc5+ 34. Bxc5 Rxc5 35. Rfe4 h6 36. b4 1/2-1/2

[Event "Rodovremesterskabet Gruppe B 2006"]
[Site "Rodovre"]
[Date "2006.10.24"]
[Round "7"]
[White "Helleshoj, Knud Erik"]
[Black "Krog Jensen, Werner"]
[Result "0-1"]
[WhiteElo "1531"]
[BlackElo "1590"]
[PlyCount "114"]
[EventDate "2006.??.??"]
[SourceDate "2005.11.09"]

1. e4 e5 2. Nf3 Nc6 3. d4 exd4 4. c3 d5 5. cxd4 dxe4 6. Ng5 Bb4+ 7. Nc3 Qxd4 8.
Qb3 Nh6 9. Be3 Bxc3+ 10. bxc3 Qf6 11. Nxe4 Qe6 12. Qxe6+ Bxe6 13. Bxh6 gxh6 14.
Nc5 Na5 15. Nxe6 fxe6 16. O-O-O Ke7 17. Be2 Rhf8 18. Bf3 Rf4 19. Rhe1 Raf8 20.
Rd5 Nc6 21. Rh5 R8f6 22. Bxc6 bxc6 23. f3 R4f5 24. Rh4 Rg5 25. Re2 Rd5 26. Ra4
a5 27. Kc2 Rff5 28. Ree4 Rfe5 29. Rad4 Rh5 30. Rh4 Rxh4 31. Rxh4 h5 32. g4 Kf6
33. Kb3 Kg6 34. Ka4 hxg4 35. Rxg4+ Kh6 36. Rd4 e5 37. Re4 Kg6 38. Rc4 Kf5 39.
Rxc6 Rd2 40. a3 Rxh2 41. Kxa5 Rh3 42. Rxc7 Rxf3 43. a4 e4 44. Kb4 e3 45. Re7
Rf4+ 46. c4 Re4 47. Rf7+ Kg4 48. Rf1 e2 49. Re1 Kf3 50. a5 Kf2 51. Rh1 e1=Q+
52. Rxe1 Kxe1 53. a6 h5 54. a7 Re8 55. Kb5 h4 56. Kb6 h3 57. c5 h2 0-1

[Event "Rodovremesterskabet Gruppe B 2006"]
[Site "Rodovre"]
[Date "2006.10.24"]
[Round "7"]
[White "Wisal, Zoran"]
[Black "Enemark, Bjorn"]
[Result "1-0"]
[WhiteElo "1520"]
[BlackElo "1628"]
[PlyCount "52"]
[EventDate "2006.??.??"]
[SourceDate "2005.11.09"]

1. e4 d5 2. exd5 Qxd5 3. Nf3 Bf5 4. Nc3 Qa5 5. Be2 Nf6 6. O-O c6 7. d4 e6 8. a3
Qc7 9. Ne5 Bd6 10. Bf4 Nbd7 11. Bd3 Bxd3 12. Qxd3 Nxe5 13. dxe5 Bxe5 14. Bxe5
Qxe5 15. Rae1 Qc7 16. Qf3 O-O 17. Ne4 Nxe4 18. Rxe4 Rad8 19. Rg4 Rd5 20. c4 Rf5
21. Qc3 f6 22. Rd1 Rd8 23. Rgd4 Rxd4 24. Qxd4 Re5 25. g3 Qe7 26. Qd8+ Kf7 1-0

[Event "Rodovremesterskabet Gruppe B 2006"]
[Site "Rodovre"]
[Date "2006.10.24"]
[Round "7"]
[White "Johansen, Erik"]
[Black "Rohder, Bjarne"]
[Result "1/2-1/2"]
[WhiteElo "1558"]
[BlackElo "1510"]
[PlyCount "75"]
[EventDate "2006.??.??"]
[SourceDate "2005.11.09"]

1. e4 c5 2. Nf3 d6 3. d4 Nf6 4. Nc3 cxd4 5. Nxd4 e5 6. Nb3 a6 7. Be2 Nc6 8. Bg5
Be7 9. Bxf6 Bxf6 10. Nd5 Be6 11. O-O O-O 12. c4 Rc8 13. Rc1 Bg5 14. Rc3 f5 15.
exf5 Bxf5 16. Bg4 Ne7 17. Bxf5 Rxf5 18. Rf3 Rxf3 19. Qxf3 Qf8 20. Qd3 Qf7 21.
Rd1 Nxd5 22. Qxd5 Qxd5 23. Rxd5 Be7 24. Nd2 Kf7 25. b3 Ke6 26. Ne4 b5 27. f3
bxc4 28. bxc4 Rxc4 29. Ra5 Rc6 30. Kf1 d5 31. Ng3 Bb4 32. Ra4 a5 33. Ke2 Rc2+
34. Kf1 d4 35. Ne4 d3 36. a3 d2 37. Ke2 Ra2 38. axb4 1/2-1/2